000 00344 a2200169 4500
001 45224
020 _a9788574122465
040 _cAnchieta - Aquarius
100 _aMartin, Ruth
240 1 0 _aOceanos
_lpor
245 1 0 _aOceanos
300 _a
362 0 _a2009
440 1 _aBrinque-book
650 4 _aLiteratura infantil
942 _cBK
999 _c45224
_d45224